000 00963nam a2200265 a 4500
005 20200104041531.0
008 140121b2000 ck ||||| |||| 00| 0 spa d
041 _aspa
044 _ack
090 _aIAvH
_b00170
110 _bInstituto de Investigación de Recursos Biológicos "Alexander von Humboldt". Programa de Política y Legislación
_94261
245 _aBiodiversidad para el desarrollo
_bplan estratégico 2000 - 2004
260 _aVilla de Leyva (Boyacá)
_bInstituto Alexander von Humboldt
_c2000
300 _a129 p.
650 _aBiodiversidad
_992204
650 _aDesarrollo sostenible
_9278
650 _aConvenios internacionales
_93879
650 _aPolítica Nacional de Biodiversidad
_94424
650 _aPlan de acción
_926746
650 _aSistema Nacional Ambiental
_93522
650 _aSistema Nacional de Ciencia y Tecnología
_94528
650 _aInvestigación científica
_926747
662 _aColombia
942 _cINFORME
_2z
999 _c2354
_d2354